000 00421nam a2200157Ia 4500
999 _c1386
_d1386
020 _a0-85142 167 9
082 _aRR 025.04025 HAL-;
100 _aHall, James L.
245 0 _aOnline bibliographic databases: a directory and sourcebook
250 _a3rd
260 _aLondon
_bAslib
_c1983
300 _axiv,383p.
650 _aOnline bibliographic searching - Directories
700 _aBrown, Marjorie J.
942 _cBK